| 000 | 02243nam a22004211i 4500 | ||
|---|---|---|---|
| 001 | ebr10777948 | ||
| 003 | CaPaEBR | ||
| 006 | m o d | ||
| 007 | cr cn||||||||| | ||
| 008 | 121125t20132012sz a ob 101 0 eng d | ||
| 020 | _a9783038134350 (e-book) | ||
| 020 | _z9783037855157 (pbk.) | ||
| 040 |
_aCaPaEBR _beng _erda _epn _cCaPaEBR |
||
| 035 | _a(OCoLC)868961425 | ||
| 050 | 1 | 4 |
_aTA349 _b.I578 2012eb |
| 082 | 0 | 4 |
_a620.1 _223 |
| 111 | 2 |
_aInternational Conference on Applied Mechanics and Manufacturing Technology _d(2012 : _cJakarta, Indonesia) |
|
| 245 | 1 | 0 |
_aApplied mechanics and industrial technologies : _bselected, peer reviewed papers from the 2012 International Conference on Applied Mechanics and Manufacturing Technology (AMMT 2012), August 14-15, 2012, Jakarta, Indonesia / _cedited by Ford Lumban Gaol. |
| 246 | 3 | 0 | _aAMMT 2012 |
| 264 | 1 |
_aDurnten-Zurich : _bTrans Tech Publications, _c[2013] |
|
| 264 | 4 | _c�2012 | |
| 300 |
_a1 online resource (145 pages) : _billustrations. |
||
| 336 |
_atext _2rdacontent |
||
| 337 |
_acomputer _2rdamedia |
||
| 338 |
_aonline resource _2rdacarrier |
||
| 490 | 1 |
_aApplied mechanics and materials, _x1660-9336 ; _vvolume 234 |
|
| 504 | _aIncludes bibliographical references and indexes. | ||
| 588 | _aDescription based on print version record. | ||
| 590 | _aElectronic reproduction. Palo Alto, Calif. : ebrary, 2013. Available via World Wide Web. Access may be limited to ebrary affiliated libraries. | ||
| 650 | 0 |
_aManufactures _xTechnological innovations _vCongresses. |
|
| 650 | 0 |
_aMechanics, Applied _vCongresses. |
|
| 655 | 0 | _aElectronic books. | |
| 700 | 1 | _aGaol, Ford Lumban. | |
| 776 | 0 | 8 |
_iPrint version: _aInternational Conference on Applied Mechanics and Manufacturing Technology (2012 : Jakarta, Indonesia) _tApplied mechanics and industrial technologies. _dDurnten-Zurich : Trans Tech Publications, [2013] _hx, 134 pages : illustrations ; 24 cm. _kApplied mechanics and materials ; v. 234. _z9783037855157 _w(OCoLC)819383691 _w(OCoLC)821688741 |
| 797 | 2 | _aebrary. | |
| 830 | 0 |
_aApplied mechanics and materials ; _vv. 234. |
|
| 856 | 4 | 0 |
_uhttp://site.ebrary.com/lib/rucke/Doc?id=10777948 _zAn electronic book accessible through the World Wide Web; click to view |
| 999 |
_c131451 _d131451 |
||